00365nam a2200145Ia 4500003000400000008004100004020002400045040000800069100002400077245005200101250001800153260002400171300001200195365001200207LDD181029s9999 xx 000 0 und d a1856046001cP 60.00 cLDD aGorman, Tim Buckley 0aSuccess at the enquiry deskcTim Buckley Gorman aFifth edition aLondonbFacetc2006 axi, 134 bP 60.00